Handbook of Mathematics Formulae: (Record no. 187962)

MARC details
000 -LEADER
fixed length control field 00740nam a22001937a 4500
005 - DATE AND TIME OF LATEST TRANSACTION
control field 20220506105156.0
010 ## - LCCN (DPL NO)
LC control number ENG-132532
020 ## - INTERNATIONAL STANDARD BOOK NUMBER
International Standard Book Number 978938842491
Terms of availability 150.00
035 ## - SYSTEM CONTROL NUMBER
System control number EN-116064
037 ## - SOURCE OF ACQUISITION
Source of stock number/acquisition DBAD/PUB
082 ## - DEWEY DECIMAL CLASSIFICATION NUMBER
Classification number 510
100 ## - MAIN ENTRY--PERSONAL NAME
Personal name Kharat, Vinod V.
245 ## - TITLE STATEMENT
Title Handbook of Mathematics Formulae:
Remainder of title For First Year B.Tech of PUnyashlok Ahilyadevi Holkar Solapur University/
Statement of responsibility, etc Vinod V. Kharat and Sachin M. Vyavahare
260 ## - PUBLICATION, DISTRIBUTION, ETC. (IMPRINT)
Place of publication, distribution, etc Pune
Name of publisher, distributor, etc Vishwakarama Publications
Date of publication, distribution, etc 2019
270 ## - ADDRESS
Address 34A/1, Suyog Center, 7th Floor, Gultekadi Marketyard Road, Giridhar Bhavan Chowk
City Pune
Postal code 411037
Electronic mail address info@vpindia.co.in
Telephone number 9168682200
300 ## - PHYSICAL DESCRIPTION
Extent 81p.
Dimensions 22cm(pbk)
700 ## - ADDED ENTRY--PERSONAL NAME
Personal name Vyavahre, Sachin M.
942 ## - ADDED ENTRY ELEMENTS (KOHA)
Source of classification or shelving scheme Dewey Decimal Classification
Item type English Books
Classification part 510
Call number suffix KHA
Holdings
Withdrawn status Lost status Not for loan Collection code Home library Current library Date acquired Source of acquisition Cost, normal purchase price Full call number Barcode Copy number Cost, replacement price Koha item type
      Non-fiction Patel Nagar Patel Nagar 06/05/2022 DBAD/PUB 150.00 510 KHA EN-116064 1 150.00 English Books

© Delhi Public Library
Hit Counter
free hit counter